[Event "Ceriano Laghetto op-B 20th"]
[Site "Ceriano Laghetto"]
[Date "2011.04.04"]
[Round "5"]
[White "Losi, Enrico"]
[Black "Falchi, Claudio"]
[Result "1/2-1/2"]
[WhiteElo "1634"]
[BlackElo "1737"]
[PlyCount "73"]
[EventDate "2011.04.01"]
[EventType "swiss"]
[EventRounds "5"]
[EventCountry "ITA"]
[SourceTitle "EXT 2023"]
[Source "ChessBase"]
[SourceDate "2022.10.05"]
[SourceVersion "1"]
[SourceVersionDate "2022.10.05"]
[SourceQuality "1"]

1. e4 e6 2. d3 d5 3. Nd2 c5 4. Ngf3 Nf6 5. g3 Be7 6. Bg2 Nc6 7. 0-0 b5 8. Re1 a5 9. e5 Nd7 10. Nf1 Ba6 11. h4 Qb6 12. Bf4 a4 13. a3 Bb7 14. Ne3 b4 15. Qe2 b3 16. c4 Nd4 17. Nxd4 cxd4 18. Nf1 dxc4 19. dxc4 Bxg2 20. Kxg2 0-0 21. Qg4 Rfc8 22. Nd2 Nc5 23. Bh6 Bf8 24. Ne4 Nxe4 25. Rxe4 Rxc4 26. h5 Kh8 27. Be3 Qc6 28. Kh3 Rc8 29. Rxd4 Rxd4 30. Bxd4 Qc4 31. Bc3 Qxg4+ 32. Kxg4 h6 33. f4 Be7 34. Kf3 Kg8 35. Rd1 Bxa3 36. Ke2 Kf8 37. Ra1 1/2-1/2

[Event "Ceriano Laghetto op-B 20th"]
[Site "Ceriano Laghetto"]
[Date "2011.04.02"]
[Round "3"]
[White "Monticelli, Francesco"]
[Black "Losi, Enrico"]
[Result "1/2-1/2"]
[WhiteElo "1672"]
[BlackElo "1634"]
[PlyCount "50"]
[EventDate "2011.04.01"]
[EventType "swiss"]
[EventRounds "5"]
[EventCountry "ITA"]
[SourceTitle "EXT 2023"]
[Source "ChessBase"]
[SourceDate "2022.10.05"]
[SourceVersion "1"]
[SourceVersionDate "2022.10.05"]
[SourceQuality "1"]

1. e4 c5 2. Nf3 d6 3. Bc4 e6 4. 0-0 Be7 5. d4 cxd4 6. Nxd4 Nf6 7. Nc3 0-0 8. Be3 a6 9. a4 Qc7 10. Bd3 Nc6 11. Nxc6 Qxc6 12. Qd2 Ng4 13. Bg5 Qc7 14. h3 Ne5 15. Bxe7 Qxe7 16. Be2 b6 17. f4 Nc6 18. Rad1 Rd8 19. Bg4 Ra7 20. f5 Ne5 21. fxe6 fxe6 22. Be2 Rad7 23. Qf4 Rf8 24. Qxf8+ Qxf8 25. Rxf8+ Kxf8 1/2-1/2